[Event "Yalta Yialos blitz op"]
[Site "Yalta"]
[Date "2023.08.28"]
[Round "3"]
[White "Krovkin, Grigoriy"]
[Black "Kryakvin, Dmitry"]
[Result "0-1"]
[WhiteElo "1750"]
[BlackElo "2471"]
[PlyCount "56"]
[EventDate "2023.08.28"]
[EventType "swiss (blitz)"]
[EventRounds "13"]
[EventCountry "UKR"]
[SourceTitle "EXT 2024"]
[Source "ChessBase"]
[SourceDate "2023.10.10"]
[SourceVersion "1"]
[SourceVersionDate "2023.10.10"]
[SourceQuality "1"]

1. e4 c5 2. Nf3 d6 3. d4 cxd4 4. Nxd4 Nf6 5. Nc3 Nc6 6. Bg5 Bd7 7. f4 Rc8 8. Be2 a6 9. a4 e6 10. Bf3 Be7 11. Nxc6 Bxc6 12. a5 h6 13. Bxf6 Bxf6 14. Qd3 0-0 15. Ra3 b5 16. axb6 Qxb6 17. Rb3 Qc5 18. g4 Bh4+ 19. Kd1 a5 20. Rf1 a4 21. Ra3 Qb4 22. Ra1 Bf6 23. Rb1 a3 24. Na2 Qb6 25. b3 Bb2 26. c4 Rfd8 27. Kc2 d5 28. e5 dxc4 0-1

[Event "Sevastopol Waltz Blitz"]
[Site "Sevastopol"]
[Date "2023.06.29"]
[Round "11"]
[White "Krovkin, Grigoriy"]
[Black "Ivanov, Maxim1111"]
[Result "1-0"]
[WhiteElo "1750"]
[BlackElo "1704"]
[PlyCount "103"]
[EventDate "2023.06.29"]
[EventType "swiss (blitz)"]
[EventRounds "13"]
[EventCountry "UKR"]
[SourceTitle "CBM 215 Extra"]
[Source "ChessBase"]
[SourceDate "2023.09.30"]
[SourceVersion "1"]
[SourceVersionDate "2023.09.30"]
[SourceQuality "1"]

1. e4 e5 2. Nf3 Nc6 3. Bb5 a6 4. Bxc6 dxc6 5. d4 exd4 6. Qxd4 Qxd4 7. Nxd4 Nf6 8. f3 c5 9. Nb3 b6 10. Nc3 Be6 11. Bf4 0-0-0 12. Rd1 Be7 13. Kf2 c4 14. Nd4 Bd7 15. e5 Nh5 16. Be3 g6 17. Nd5 Bc5 18. g4 Bxg4 19. fxg4 Rxd5 20. gxh5 Rxe5 21. Rhe1 Rxh5 22. Nf3 Bd6 23. Kg2 Kb7 24. h4 Rb5 25. Re2 Re8 26. b3 cxb3 27. axb3 a5 28. Rde1 Bb4 29. Bd2 Rxe2+ 30. Rxe2 Bd6 31. Ng5 f6 32. Nxh7 Rh5 33. Nxf6 Rxh4 34. Ne4 Be5 35. Bg5 Rg4+ 36. Kf3 Rg1 37. Bf4 Bg7 38. Ng5 Rf1+ 39. Kg3 Bf8 40. Ne6 Bc5 41. Nxc7 Rg1+ 42. Kh2 Rg4 43. Ne6 Rh4+ 44. Kg3 Be7 45. Nc5+ Kc6 46. Rxe7 Rh1 47. Nd3 Rg1+ 48. Kf2 Rh1 49. Re6+ Kb5 50. Be3 a4 51. Rxb6+ Ka5 52. b4# 1-0

[Event "Sevastopol Waltz Blitz"]
[Site "Sevastopol"]
[Date "2023.06.29"]
[Round "1"]
[White "Krovkin, Grigoriy"]
[Black "Pavlov, Ivan"]
[Result "1-0"]
[WhiteElo "1750"]
[BlackElo "1671"]
[PlyCount "85"]
[EventDate "2023.06.29"]
[EventType "swiss (blitz)"]
[EventRounds "13"]
[EventCountry "UKR"]
[SourceTitle "CBM 215 Extra"]
[Source "ChessBase"]
[SourceDate "2023.09.30"]
[SourceVersion "1"]
[SourceVersionDate "2023.09.30"]
[SourceQuality "1"]

1. e4 d6 2. d4 Nf6 3. Nc3 e5 4. dxe5 dxe5 5. Qxd8+ Kxd8 6. Bc4 Be6 7. Bxe6 fxe6 8. Nf3 Bd6 9. Be3 a6 10. 0-0-0 Ke7 11. Nd2 b5 12. f3 Nc6 13. Nb3 Nd7 14. h4 h6 15. a3 Rhb8 16. Rd3 a5 17. Ne2 a4 18. Nd2 Nc5 19. Bxc5 Bxc5 20. Rc3 Kd6 21. Rd1 Bd4 22. Nf1 b4 23. axb4 Nxb4 24. Kb1 c5 25. Rc4 Ke7 26. Nxd4 cxd4 27. Nd2 Ra7 28. Rc1 a3 29. b3 a2+ 30. Ka1 Na6 31. Kb2 Nc7 32. Ra1 Nb5 33. Rxa2 Rxa2+ 34. Kxa2 Ra8+ 35. Kb2 Nc3 36. b4 Ra2+ 37. Kb3 Ra7 38. Rc6 Ne2 39. Nc4 Kf6 40. b5 Rb7 41. b6 Nc3 42. Rc7 Rxc7 43. bxc7 1-0

[Event "Sevastopol Waltz Rapid"]
[Site "Sevastopol"]
[Date "2023.06.26"]
[Round "2"]
[White "Smirnov, Pavel"]
[Black "Krovkin, Grigoriy"]
[Result "1-0"]
[WhiteElo "2538"]
[BlackElo "1750"]
[PlyCount "56"]
[EventDate "2023.06.26"]
[EventType "swiss (rapid)"]
[EventRounds "11"]
[EventCountry "UKR"]
[SourceTitle "CBM 215 Extra"]
[Source "ChessBase"]
[SourceDate "2023.09.30"]
[SourceVersion "1"]
[SourceVersionDate "2023.09.30"]
[SourceQuality "1"]

1. d4 d5 2. c4 e6 3. Nf3 dxc4 4. e3 c5 5. Bxc4 Nc6 6. 0-0 Nf6 7. Nc3 cxd4 8. exd4 Be7 9. a3 0-0 10. Bf4 a6 11. Rc1 b5 12. Ba2 Bb7 13. d5 exd5 14. Nxd5 Nxd5 15. Bxd5 Rc8 16. Re1 Bf6 17. Rc2 Qd7 18. Rd2 Qf5 19. Bg3 Na5 20. b4 Nc6 21. Be4 Qh5 22. Rd5 Qh6 23. Rd7 Ba8 24. Bd6 Rfd8 25. Bf5 g6 26. Bg4 Rxd7 27. Bxd7 Rd8 28. Bc7 Rf8 1-0

[Event "Yalta Yialos op"]
[Site "Yalta"]
[Date "2022.09.10"]
[Round "7"]
[White "Shapfiullin, Ruslan"]
[Black "Krovkin, Grigoriy"]
[Result "0-1"]
[WhiteElo "1856"]
[BlackElo "1750"]
[PlyCount "88"]
[EventDate "2022.09.04"]
[EventType "swiss"]
[EventRounds "9"]
[EventCountry "UKR"]
[SourceTitle "CBM 210 Extra"]
[Source "ChessBase"]
[SourceDate "2022.11.30"]
[SourceVersion "1"]
[SourceVersionDate "2022.11.30"]
[SourceQuality "1"]

1. d4 d5 2. Bf4 c5 3. e3 Nc6 4. Nf3 Nf6 5. Nbd2 Bf5 6. dxc5 e6 7. Nd4 Bg6 8. Bb5 Qd7 9. N2f3 Bh5 10. Ne5 Bxd1 11. Nxd7 Kxd7 12. Rxd1 Bxc5 13. Nf3 Ke7 14. 0-0 a6 15. Bxc6 bxc6 16. Ne5 Rhc8 17. Bg5 Bd6 18. Bf4 Nh5 19. b3 g5 20. Bxg5+ f6 21. Bxf6+ Nxf6 22. Nf3 a5 23. a4 Ne4 24. Nd4 Nc3 25. Rd3 Bb4 26. Kh1 c5 27. Nb5 Nxb5 28. axb5 c4 29. Rd4 cxb3 30. cxb3 Rc3 31. Rb1 Rac8 32. g3 Rc1+ 33. Rxc1 Rxc1+ 34. Kg2 Rc3 35. Rh4 Rxb3 36. Rxh7+ Kd6 37. Ra7 Bc3 38. Ra6+ Kc5 39. Rxe6 a4 40. Re8 Rxb5 41. Ra8 Ra5 42. Rc8+ Kb4 43. Rb8+ Kc4 44. Rc8+ Kd3 0-1

[Event "Yalta Yialos op"]
[Site "Yalta"]
[Date "2022.09.09"]
[Round "6"]
[White "Krovkin, Grigoriy"]
[Black "Kamenskaya, Marina"]
[Result "1-0"]
[WhiteElo "1750"]
[BlackElo "1492"]
[PlyCount "121"]
[EventDate "2022.09.04"]
[EventType "swiss"]
[EventRounds "9"]
[EventCountry "UKR"]
[SourceTitle "CBM 210 Extra"]
[Source "ChessBase"]
[SourceDate "2022.11.30"]
[SourceVersion "1"]
[SourceVersionDate "2022.11.30"]
[SourceQuality "1"]

1. f4 d5 2. Nf3 Nf6 3. g3 Bf5 4. Bg2 e6 5. d3 h6 6. 0-0 Bc5+ 7. e3 Nbd7 8. Re1 c6 9. Kh1 0-0 10. h3 Re8 11. Nbd2 Qc7 12. Nh4 Bh7 13. Nb3 Bb6 14. d4 Ne4 15. Kh2 c5 16. c3 c4 17. Nd2 Ndf6 18. Nhf3 Qe7 19. Nxe4 Nxe4 20. Nd2 Nxd2 21. Bxd2 f5 22. Rg1 Kh8 23. Be1 Bc7 24. g4 Rad8 25. Bf3 Qf6 26. Bg3 g5 27. Qd2 gxf4 28. exf4 Rf8 29. g5 hxg5 30. fxg5 Qg7 31. Bxc7 Qxc7+ 32. Kh1 Bg6 33. Rae1 Rde8 34. Re5 Kg7 35. Qf4 Rh8 36. h4 Bh5 37. Bxh5 Rxh5 38. Kg2 Reh8 39. Rh1 Qf7 40. Kg3 Qg6 41. Rh2 Kf7 42. Re3 Re8 43. Rhe2 Rh7 44. b3 b5 45. bxc4 bxc4 46. a4 Kg8 47. Rb2 Qh5 48. Rb8 Rhe7 49. Re1 Rxb8 50. Qxb8+ Re8 51. Qf4 Kf7 52. Rb1 Kg6 53. Re1 Re7 54. a5 a6 55. Qf3 Qh8 56. Rb1 Rf7 57. Rb6 f4+ 58. Kh3 Qc8 59. Qxd5 Kg7 60. Qe5+ Kg8 61. Rb8 1-0

[Event "Yalta Yialos Blitz"]
[Site "Yalta"]
[Date "2022.08.31"]
[Round "11"]
[White "Smirnov, Pavel"]
[Black "Krovkin, Grigoriy"]
[Result "1-0"]
[WhiteElo "2544"]
[BlackElo "1750"]
[PlyCount "83"]
[EventDate "2022.08.31"]
[EventType "swiss (blitz)"]
[EventRounds "13"]
[EventCountry "UKR"]
[SourceTitle "CBM 210 Extra"]
[Source "ChessBase"]
[SourceDate "2022.11.30"]
[SourceVersion "1"]
[SourceVersionDate "2022.11.30"]
[SourceQuality "1"]

1. d4 d5 2. c4 e6 3. Nf3 Nf6 4. Nc3 Be7 5. Bf4 c6 6. e3 b6 7. h3 Bb7 8. Bd3 0-0 9. 0-0 Nbd7 10. Ne5 Rc8 11. Rc1 dxc4 12. Bxc4 c5 13. Qe2 cxd4 14. exd4 Nxe5 15. dxe5 Nd5 16. Bxd5 exd5 17. Rfd1 Qd7 18. Qd3 Rfd8 19. Ne2 Bc5 20. a3 a5 21. Nd4 Bxd4 22. Qxd4 Qb5 23. Kh2 h6 24. Be3 Rxc1 25. Rxc1 Re8 26. Qxb6 Qxb6 27. Bxb6 Rxe5 28. Rc7 Ba6 29. Ra7 Bc4 30. Rxa5 Re2 31. b4 Re6 32. Bc5 Rc6 33. Ra8+ Kh7 34. a4 Bb3 35. a5 Bc4 36. Rb8 Rc7 37. Rb6 Rd7 38. a6 d4 39. Rb7 Rd8 40. a7 Bd5 41. Rb8 Rd7 42. Bxd4 1-0

[Event "Yalta Yialos Rapid"]
[Site "Yalta"]
[Date "2022.08.02"]
[Round "7"]
[White "Savvopulo, Anatolij"]
[Black "Krovkin, Grigoriy"]
[Result "1-0"]
[WhiteElo "2005"]
[BlackElo "1750"]
[PlyCount "47"]
[EventDate "2022.08.01"]
[EventType "swiss (rapid)"]
[EventRounds "11"]
[EventCountry "UKR"]
[SourceTitle "EXT 2023"]
[Source "ChessBase"]
[SourceDate "2022.10.05"]
[SourceVersion "1"]
[SourceVersionDate "2022.10.05"]
[SourceQuality "1"]

1. Nf3 d5 2. d4 Nf6 3. c4 c6 4. cxd5 cxd5 5. Nc3 Bf5 6. Qb3 b6 7. Bg5 e6 8. e4 dxe4 9. Bb5+ Ke7 10. Ne5 Qxd4 11. Rd1 Qxe5 12. Bf4 Qc5 13. Be3 Qd6 14. Rxd6 Kxd6 15. 0-0 Nd5 16. Rd1 Bg4 17. Rxd5+ exd5 18. Qxd5+ Ke7 19. Qxa8 Nd7 20. Qxa7 g6 21. Bxb6 Bg7 22. Bc5+ Kd8 23. Qa8+ Kc7 24. Na4 1-0

[Event "Yalta Yialos Rapid"]
[Site "Yalta"]
[Date "2022.08.02"]
[Round "6"]
[White "Truskavetsky, Alexandr"]
[Black "Krovkin, Grigoriy"]
[Result "1-0"]
[WhiteElo "2370"]
[BlackElo "1750"]
[PlyCount "55"]
[EventDate "2022.08.01"]
[EventType "swiss (rapid)"]
[EventRounds "11"]
[EventCountry "UKR"]
[SourceTitle "EXT 2023"]
[Source "ChessBase"]
[SourceDate "2022.10.05"]
[SourceVersion "1"]
[SourceVersionDate "2022.10.05"]
[SourceQuality "1"]

1. d4 d5 2. Bf4 Bf5 3. e3 e6 4. Nf3 Nf6 5. c4 c6 6. Qb3 Qb6 7. c5 Qxb3 8. axb3 Nbd7 9. b4 Rc8 10. Nc3 a6 11. h3 h6 12. Nd2 Be7 13. Nb3 Bd8 14. Na5 Bxa5 15. bxa5 Ne4 16. f3 Nxc3 17. bxc3 f6 18. Bd6 g5 19. g4 Bg6 20. Rh2 Rh7 21. h4 gxh4 22. Rxh4 h5 23. gxh5 Bxh5 24. Bd3 f5 25. Kf2 Nf6 26. Rb1 Rd8 27. Be5 Ng8 28. Rbh1 1-0

[Event "Yalta Yialos Rapid"]
[Site "Yalta"]
[Date "2022.08.01"]
[Round "3"]
[White "Kryakvin, Dmitry"]
[Black "Krovkin, Grigoriy"]
[Result "1-0"]
[WhiteElo "2505"]
[BlackElo "1750"]
[PlyCount "108"]
[EventDate "2022.08.01"]
[EventType "swiss (rapid)"]
[EventRounds "11"]
[EventCountry "UKR"]
[SourceTitle "EXT 2023"]
[Source "ChessBase"]
[SourceDate "2022.10.05"]
[SourceVersion "1"]
[SourceVersionDate "2022.10.05"]
[SourceQuality "1"]

1. d4 d5 2. c4 e6 3. Nf3 Nf6 4. Nc3 Be7 5. Bg5 h6 6. Bh4 0-0 7. e3 b6 8. Rc1 Bb7 9. Bxf6 Bxf6 10. cxd5 exd5 11. Bd3 c5 12. 0-0 cxd4 13. Nxd4 Nc6 14. Nce2 Nxd4 15. Nxd4 Rc8 16. Qg4 Rxc1 17. Rxc1 Bxd4 18. Qxd4 Qe7 19. Qc3 g6 20. Qc7 Qxc7 21. Rxc7 Rb8 22. f3 a5 23. Kf2 Bc8 24. Ke2 Be6 25. a3 Kg7 26. Kd2 Kf6 27. Bb5 g5 28. g3 h5 29. Kd3 h4 30. Kd4 hxg3 31. hxg3 g4 32. fxg4 Kg5 33. Bd7 Kxg4 34. Bxe6+ fxe6 35. Rc6 Kxg3 36. Rxe6 b5 37. Kxd5 b4 38. a4 Rc8 39. Ra6 Rc2 40. Rxa5 Rxb2 41. Kc4 Kf3 42. Re5 Rb1 43. a5 b3 44. Kc3 Kg4 45. Rb5 Kf3 46. Rxb3 Ra1 47. Kb4 Ke4 48. Kb5 Rh1 49. a6 Rh5+ 50. Kb6 Rh6+ 51. Ka5 Rh7 52. Rb7 Rh1 53. a7 Ra1+ 54. Kb6 Kd5 1-0

[Event "Alushta Rapid op"]
[Site "Alushta"]
[Date "2022.07.04"]
[Round "7"]
[White "Truskavetsky, Alexandr"]
[Black "Krovkin, Grigoriy"]
[Result "1-0"]
[WhiteElo "2370"]
[BlackElo "1750"]
[PlyCount "131"]
[EventDate "2022.07.03"]
[EventType "swiss (rapid)"]
[EventRounds "11"]
[EventCountry "UKR"]
[SourceTitle "CBM 209 Extra"]
[Source "ChessBase"]
[SourceDate "2022.09.30"]
[SourceVersion "1"]
[SourceVersionDate "2022.09.30"]
[SourceQuality "1"]

1. d4 Nf6 2. Nf3 e6 3. Bf4 d5 4. e3 Bd6 5. Bg3 Ne4 6. Nbd2 f5 7. Bh4 Nf6 8. Bg3 Ne4 9. Bd3 Nd7 10. c4 Bb4 11. Qb3 Bxd2+ 12. Nxd2 Nxd2 13. Kxd2 Nf6 14. f3 0-0 15. Rac1 Rf7 16. c5 g5 17. h4 g4 18. h5 h6 19. Bf4 Kh7 20. Rce1 c6 21. Be5 b6 22. Rc1 Bb7 23. Qc2 Nd7 24. Bd6 Qg5 25. Bf4 Qg7 26. b4 Re8 27. Rce1 Kh8 28. Bd6 Rg8 29. Kc1 Qg5 30. Bf4 Qf6 31. Qc3 gxf3 32. gxf3 Rg2 33. Re2 Rfg7 34. Bd6 Rxe2 35. Bxe2 Rg2 36. Re1 Qh4 37. Kb1 Qxh5 38. Bd1 Qg6 39. Bc2 Rg1 40. Kb2 Rg2 41. Rh1 h5 42. e4 fxe4 43. fxe4 Ba6 44. Kb1 dxe4 45. cxb6 axb6 46. Qxc6 Rxc2 47. Qxd7 Rg2 48. Be5+ Kg8 49. Qd8+ Kf7 50. Qc7+ Kg8 51. Qb8+ Kf7 52. Qa7+ Kg8 53. Qa8+ Kf7 54. Qa7+ Kg8 55. Qxa6 e3+ 56. Ka1 Rg1+ 57. Rxg1 Qxg1+ 58. Kb2 Qf2+ 59. Kb3 e2 60. Qc8+ Qf8 61. Qxe6+ Qf7 62. Qxf7+ Kxf7 63. Bg3 Kg6 64. Kc2 Kg5 65. Kd2 Kg4 66. Be1 1-0

[Event "Alushta Blitz op"]
[Site "Alushta"]
[Date "2022.07.02"]
[Round "13"]
[White "Krovkin, Grigoriy"]
[Black "Chos, Alexey"]
[Result "0-1"]
[WhiteElo "1750"]
[BlackElo "2296"]
[PlyCount "70"]
[EventDate "2022.07.02"]
[EventType "swiss (blitz)"]
[EventRounds "13"]
[EventCountry "UKR"]
[SourceTitle "CBM 209 Extra"]
[Source "ChessBase"]
[SourceDate "2022.09.30"]
[SourceVersion "1"]
[SourceVersionDate "2022.09.30"]
[SourceQuality "1"]

1. e4 c5 2. Nf3 d6 3. d4 cxd4 4. Nxd4 Nf6 5. Nc3 a6 6. Bg5 Nbd7 7. f4 e6 8. Qf3 Qc7 9. 0-0-0 b5 10. g4 Bb7 11. Bxf6 gxf6 12. Bg2 0-0-0 13. a3 Nb6 14. f5 e5 15. Nb3 h5 16. gxh5 Bh6+ 17. Kb1 Rhg8 18. Bf1 Kb8 19. Be2 Bf4 20. Qd3 Rg2 21. Bf3 Rgg8 22. Na5 Ba8 23. b4 Rc8 24. Nd5 Nxd5 25. exd5 e4 26. Bxe4 Be5 27. a4 Qb6 28. axb5 Rc3 29. Qe2 Re3 30. Qc4 Ra3 31. Nb3 axb5 32. Qe2 Qa6 33. Kc1 Rxb3 34. cxb3 Qa1+ 35. Kd2 Qc3# 0-1

[Event "Alushta Blitz op"]
[Site "Alushta"]
[Date "2022.07.02"]
[Round "11"]
[White "Krovkin, Grigoriy"]
[Black "Nosach, Roman Al"]
[Result "0-1"]
[WhiteElo "1750"]
[BlackElo "1410"]
[PlyCount "80"]
[EventDate "2022.07.02"]
[EventType "swiss (blitz)"]
[EventRounds "13"]
[EventCountry "UKR"]
[SourceTitle "CBM 209 Extra"]
[Source "ChessBase"]
[SourceDate "2022.09.30"]
[SourceVersion "1"]
[SourceVersionDate "2022.09.30"]
[SourceQuality "1"]

1. e4 c5 2. Nf3 Nc6 3. d4 cxd4 4. Nxd4 Nf6 5. Nc3 d6 6. Be2 g6 7. Be3 Bg7 8. f3 0-0 9. Qd2 a6 10. 0-0-0 Qc7 11. g4 b5 12. h4 Ne5 13. h5 Nc4 14. Bxc4 Qxc4 15. hxg6 fxg6 16. Bh6 b4 17. Bxg7 bxc3 18. Qh6 Rf7 19. Bxf6 exf6 20. Rh2 cxb2+ 21. Kb1 Be6 22. Nxe6 Qxe6 23. Rdh1 Rg7 24. Rd1 Qe5 25. Rhd2 Rd8 26. Rd5 Qc3 27. Qf4 Rc7 28. Qd2 Qxf3 29. Rxd6 Rxd6 30. Qxd6 Rf7 31. Rd3 Qxe4 32. Kxb2 Rb7+ 33. Rb3 Rxb3+ 34. cxb3 Qe2+ 35. Kb1 Kg7 36. Qc7+ Kf8 37. Qc8+ Qe8 38. Qxa6 Qe4+ 39. Kb2 Qxg4 40. Qc8+ Qxc8 0-1